| 000 | 004280000a22001570004500 | ||
|---|---|---|---|
| 060 | _a100 | ||
| 082 | _a582.130 419 2 PRI | ||
| 100 | _aPridham, J B | ||
| 100 | _aSwain, T | ||
| 245 | _aBiosynthetic pathways in higher plants proceedings of the plant phenolics group symposium | ||
| 260 | _aLondon, Academic press | ||
| 260 | _c1965 | ||
| 300 | _a212 | ||
| 650 | _aHigher plants/ Biosynthesis/ Priogenesis | ||
| 942 | _cBK | ||
| 999 |
_c351879 _d351879 |
||